000 00357 a2200157 4500
001 155293
040 _cEscola São Tomás de Aquino
100 _aGIOVANNI, José Ruy
240 1 0 _aA conquista da matemática
_lpor
245 1 0 _aA conquista da matemática
300 _a287
362 0 _a2005
440 1 _aFTD
697 _aMATEMÁTICA
942 _cBK
999 _c155293
_d155293